000
00274nam a2200109Ia 4500
008
220204s9999 xx 000 0 und d
082
_a
066.099
_b
ALL
100
_a
Allen, R L M
245
0
_a
Colour chemistry
260
_a
New York
_b
Appleton-Century-Crafts
_c
1971
942
_c
BK
999
_c
33359
_d
33359